000 00478nam a2200193Ia 4500
008 101110s9999 xx 000 0 und d
041 _aENGLISH
082 _bSR13143
100 _aShukla and Grewal
245 _aAdvanced Accounts (Rev. edition)
365 _b55
520 _aCommerce
546 _aENGLISH
630 _aAdvanced Accounts (Rev. edition)
650 _aCommerce
655 _aCommerce
730 _aAdvanced Accounts (Rev. edition)
942 _cBOOK
999 _c807411
_d807408